GAMES OF STRATEGY / (Record no. 33449)

000 -LEADER
fixed length control field 00411nam a22001817a 4500
003 - CONTROL NUMBER IDENTIFIER
control field NUST
020 ## - INTERNATIONAL STANDARD BOOK NUMBER
International Standard Book Number 9788130915456
038 ## - RECORD CONTENT LICENSOR
Staff Name khadija
082 ## - DEWEY DECIMAL CLASSIFICATION NUMBER
Classification number 519.3
Author Mark DIX
100 ## - MAIN ENTRY--PERSONAL NAME
Personal name Dixit, Avinash.
9 (RLIN) 82525
245 ## - TITLE STATEMENT
Title GAMES OF STRATEGY /
250 ## - EDITION STATEMENT
Edition statement 3rd ed.
260 ## - PUBLICATION, DISTRIBUTION, ETC.
Place of publication, distribution, etc. New Delhi :
Name of publisher, distributor, etc. Viva Books,
Date of publication, distribution, etc. 2012.
300 ## - PHYSICAL DESCRIPTION
Extent 794 p. ;
Other physical details 24 cm
500 ## - GENERAL NOTE
General note Paperback.
563 ## - BINDING INFORMATION
Binding note paperback
942 ## - ADDED ENTRY ELEMENTS (KOHA)
Koha item type Book
Source of classification or shelving scheme
Holdings
Withdrawn status Lost status Source of classification or shelving scheme Damaged status Not for loan Permanent Location Current Location Shelving location Date acquired Full call number Barcode Date last seen Price effective from Koha item type Public note
          School of Mechanical & Manufacturing Engineering (SMME) School of Mechanical & Manufacturing Engineering (SMME) General Stacks 04/27/2016 519.3 DIX SMME-2525 04/05/2018 04/27/2016 Book Rack,44-Shelf,1
© 2023 Central Library, National University of Sciences and Technology. All Rights Reserved.